| 000 | 01917ngm a22004210a 4500 | ||
|---|---|---|---|
| 001 | PT35638 | ||
| 003 | AR-LpoUNG | ||
| 005 | 20210202000447.0 | ||
| 007 | vd cvaizq | ||
| 008 | 191001s1989||||ag |||||||||||||||||spa d | ||
| 037 | _c$6.63 | ||
| 040 |
_aAR-LpoUNG _bspa _cAR-LpoUNG _eaacr |
||
| 041 | _aspa | ||
| 044 | _aag | ||
| 082 | 0 | _a982.064 171pai | |
| 100 | 1 |
_aBalassa, Arturo _edir. |
|
| 245 | 1 | 0 |
_aPaís cerrado : _bteatro abierto |
| 260 |
_aBuenos Aires : _bBlackman, _c1989. |
||
| 300 | _aDVD (83 min.) : son., col. | ||
| 505 | 0 | _aEstreno en Buenos Aires el 26 de abril de 1990, cine Loire. - Créditos: Locución, Eduardo Aliverti; fotografía, Diego Bonacina y Julio Lencin; montaje, Luis Muti, Fernando Guariniello, Eduardo Lopez; sonido, José Luis Diaz, Abelardo Kuschnir; Música, Mariano Ramos. | |
| 520 | _aEl testimonio cinemátografico registrado por un equipo de filmación, durante los sucesos del primer ciclo de Teatro Abierto (entre abril y septiembre de 1981), da lugar a una historia dramática que centra su atención en la necesidad que tenían las figuras del espectáculo y el público, de reunirse para defenderse de una creciente atmósfera de miedo y paulatino empobrecimiento en los diversos órdenes de la vida cotidiana. Comenzó con los autores, de cine teatro y televisión, luego actores y estudiantes de teatro, fueron protagonistas, demostrando la existencia y vitalidad del teatro argentino tantas veces negado. | ||
| 650 | 4 | _aARGENTINA | |
| 650 | 4 | _aCULTURA | |
| 650 | 4 | _aCULTURA POPULAR | |
| 650 | 4 | _aDICTADURA | |
| 650 | 4 | _aGOBIERNO MILITAR | |
| 650 | 4 | _aHISTORIA SOCIAL | |
| 650 | 4 | _aIDENTIDAD CULTURAL | |
| 650 | 4 | _aPOLITICA CULTURAL | |
| 650 | 4 | _aPROBLEMAS SOCIALES | |
| 650 | 4 | _aSOCIEDAD | |
| 650 | 4 | _aVALORES CULTURALES | |
| 653 | _aCINE ARGENTINO | ||
| 653 | _aDOCUMENTALES | ||
| 653 | _aVIDEOS | ||
| 905 | _a35638 | ||
| 942 | _cDVD | ||
| 999 |
_c54901 _d54901 |
||